000 00482nam a2200181Ia 4500
005 20250326125043.0
008 250326s9999 xx 000 0 und d
037 _aTextbook
040 _aFMSL
_beng
_cFMSL
041 _aeng
_2eng
084 _aX:9 K2
_qFMSL
100 _aAMA
_9737950
245 0 _aPersonnel man and his job
_cAMA
260 _aUSA
_bUSA, American Management Association
_c1962
300 _a448p
942 _cTB
_hX:9 K2
999 _c1276338
_d1276338